Normal view
MARC view
Entry Topical Term
001 - CONTROL NUMBER
- control field: 172025
003 - CONTROL NUMBER IDENTIFIER
- control field: OSt
005 - DATE AND TIME OF LATEST TRANSACTION
- control field: 20240701093814.0
008 - FIXED-LENGTH DATA ELEMENTS
- fixed length control field: 240701|| aca||aabn | a|a d
040 ## - CATALOGING SOURCE
- Original cataloging agency: OSt
- Transcribing agency: OSt
150 ## - HEADING--TOPICAL TERM
- Topical term or geographic name entry element: Leadership
670 ## - SOURCE DATA FOUND
- Source citation: Work cat.: (OSt)108616: SHARMA (Robin). 172024, Leadership Wisdom: From the Monk Who Sold His Ferrari, 2006